Action Centred Leader (Record no. 294235)

MARC details
000 -LEADER
fixed length control field 00417nam a2200169Ia 4500
008 - FIXED-LENGTH DATA ELEMENTS--GENERAL INFORMATION
fixed length control field 230718s9999 xx 000 0 und d
041 ## - LANGUAGE CODE
Language code of text/sound track or separate title eng
082 ## - DEWEY DECIMAL CLASSIFICATION NUMBER
Classification number 658
Item number ADA
100 ## - MAIN ENTRY--PERSONAL NAME
Personal name Adair J.
9 (RLIN) 109205
245 ## - TITLE STATEMENT
Title Action Centred Leader
250 ## - EDITION STATEMENT
Edition statement REVISE
260 ## - PUBLICATION, DISTRIBUTION, ETC. (IMPRINT)
Date of publication, distribution, etc. 1995
Name of publisher, distributor, etc. Jaico Publishing House
300 ## - PHYSICAL DESCRIPTION
Extent 150
365 ## - TRADE PRICE
Currency code Rs.
Price amount 60.00
700 ## - ADDED ENTRY--PERSONAL NAME
Personal name Adair J.
9 (RLIN) 109205
906 ## - LOCAL DATA ELEMENT F, LDF (RLIN)
d B:130504-Oct-1995
c OTH
b 12
Holdings
Withdrawn status Lost status Damaged status Not for loan Home library Current library Date acquired Vendor Budget Code Cost, normal purchase price Bill number Total Checkouts Full call number Barcode Date last seen Discount Cost, replacement price Bill Date Koha item type Original Barcode
        Cummins College of Engineering for Women Pune Cummins College of Engineering for Women Pune 17/10/1995 Mehul Book Depot OTH 48.00 1305   658 CCEP-BK-5440 18/07/2023 12 60.00 04/10/1995 Books 005440